Warsaw Trivia - Statistics

General Stats
  • This quiz has been taken 47 times
  • The average score is 13 of 19
Answer Stats
Hint Answer % Correct
The name of Warsaw in Polish Warszawa
91%
The most popular football club in Warsaw {Legia} Warsaw
87%
Most famous Polish football player, currently playing in Bayern Munich Robert Lewandowski
84%
The longest river Vistula
84%
Biggest airport Warsaw {Chopin} Airport
84%
The first woman who won the Nobel Prize Maria Skłodowska-Curie
82%
The building on the thumbnail, highest building in Poland Palace of {Culture and Science}
80%
Current president of Warsaw Rafał {Trzaskowski}
80%
Former name of the above (name of dictator) Palace of {Joseph Stalin}
73%
Voivodeship, in which Warsaw lies Mazowieckie
71%
Treaty signed in Warsaw in 1955 Warsaw Pact
71%
Jewish Residential District during WW II Ghetto
67%
The biggest uprising in Poland during WW II, 1st August 1944 - 2nd October 1944 Warsaw Uprising
67%
Year of the above battle 1920
64%
The highway near Warsaw A2
62%
Biggest stadium in Poland National Stadium
53%
The other name of Battle of Warsaw {Miracle} of the Vistula
49%
The character on the coat of arms Warsaw {Mermaid}
47%
The name of Warsaw after 1945 {Phoenix} City
20%
No matching quizzes found
Score Distribution
Percent of People with Each Score
Percentile by Number Answered
Your Score History
You have not taken this quiz